Python Algorithms (Record no. 369319)

MARC details
000 -LEADER
fixed length control field 01343 a2200229 4500
003 - CONTROL NUMBER IDENTIFIER
control field OSt
005 - DATE AND TIME OF LATEST TRANSACTION
control field 20251208152144.0
008 - FIXED-LENGTH DATA ELEMENTS--GENERAL INFORMATION
fixed length control field 251208b |||||||| |||| 00| 0 eng d
020 ## - INTERNATIONAL STANDARD BOOK NUMBER
International Standard Book Number 9784842005519
100 ## - MAIN ENTRY--PERSONAL NAME
Personal name Hetland M.
9 (RLIN) 215700
245 ## - TITLE STATEMENT
Title Python Algorithms
250 ## - EDITION STATEMENT
Edition statement 2nd Ed.
260 ## - PUBLICATION, DISTRIBUTION, ETC. (IMPRINT)
Name of publisher, distributor, etc. Apress
Date of publication, distribution, etc. 2014
Place of publication, distribution, etc. New York
300 ## - PHYSICAL DESCRIPTION
Extent 295pp
520 ## - SUMMARY, ETC.
Summary, etc. Python Algorithms, Second Edition explains the Python approach to algorithm analysis and design. Written by Magnus Lie Hetland, author of Beginning Python, this book is sharply focused on classical algorithms, but it also gives a solid understanding of fundamental algorithmic problem-solving techniques.<br/><br/>The book deals with some of the most important and challenging areas of programming and computer science in a highly readable manner. It covers both algorithmic theory and programming practice, demonstrating how theory is reflected in real Python programs. Well-known algorithms and data structures that are built into the Python language are explained, and the user is shown how to implement and evaluate others.
650 01 - SUBJECT ADDED ENTRY--TOPICAL TERM
Topical term or geographic name as entry element What’s All This, Then
9 (RLIN) 215742
650 02 - SUBJECT ADDED ENTRY--TOPICAL TERM
Topical term or geographic name as entry element Some Core Ideas in Computing
9 (RLIN) 215743
650 03 - SUBJECT ADDED ENTRY--TOPICAL TERM
Topical term or geographic name as entry element The Skinny on Sums
9 (RLIN) 215744
650 04 - SUBJECT ADDED ENTRY--TOPICAL TERM
Topical term or geographic name as entry element Finding a Maximum Permutation
9 (RLIN) 215745
650 05 - SUBJECT ADDED ENTRY--TOPICAL TERM
Topical term or geographic name as entry element Topological Sorting
9 (RLIN) 215746
942 ## - ADDED ENTRY ELEMENTS (KOHA)
Koha item type Books
Source of classification or shelving scheme Dewey Decimal Classification
Holdings
Withdrawn status Lost status Source of classification or shelving scheme Damaged status Not for loan Collection code Home library Current library Date acquired Vendor Cost, normal purchase price Total Checkouts Barcode Date last seen Cost, replacement price Bill Date Koha item type Original Barcode
    Dewey Decimal Classification     MCA MKSSS s K.B. Joshi Institute of Information Technology Library MKSSS s K.B. Joshi Institute of Information Technology Library 06/12/2025 8 7979.25   KBJP-BK-2884 06/12/2025 10639.00 06/12/2025 Books 2884